000 01060nam0a22002891 4500
001 RU\INFOCOMM_327\NLR\5000029987
005 20260407071507.0
010 _98000 экз.
_d3 р.
035 _a(NLR Aleph) 009566488
090 _a9101996
_c9101996
100 _a20130213d1953 |||y0rusy50 ca
101 0 _afre
102 _aRU
105 _ay z |||||
200 1 _aRapport présenté au XIX-e congrès du parti sur l'activité du Comité Central ou Parti Communiste (bolchévik) de l'URSS le 5 oct. 1952
210 _aM.
_cEd. en langues étrangères
_d1953
215 _a139 с.
_cпортр.
_d20 см
620 _aМосква
686 _aКПСС(19 съезд)
_2rubbk
700 1 _7ba
_8rus
_aMalenkov
_bG. M.
_f1902-1988
_gGeorgij Maksimilianovič
_3RU\NLR\AUTH\770278824
_92650791
712 0 2 _aPC de l'Union Soviétique
_bComité Central
_4570
712 0 2 _aPC de l'Union Soviétique
_bCongrès
_d19
_eMoscou
_f1952
_4570
801 1 _aRU
_bInfocomm
_c20130213
801 0 _aRU
_bINFOCOMM
_gPSBO
852 _aNLR
_jИп31 Г-3/54
942 _cBOOK
980 _aNB